Mejor vivido que pensado: las invenciones del Caribe (revisitadas) /
Uloženo v:
| Hlavní autor: | |
|---|---|
| Médium: | Kniha |
| Jazyk: | Spanish |
| Tagy: |
Přidat tag
Žádné tagy, Buďte první, kdo vytvoří štítek k tomuto záznamu!
|
MARC
| LEADER | 00000nam a22000007a 4500 | ||
|---|---|---|---|
| 003 | cru CIDCACS/IIS | ||
| 005 | 20200207093726.0 | ||
| 007 | ta | ||
| 008 | 200207s2019 cu |||p|r|||| 00| 0 spa d | ||
| 999 | |c 42929 |d 42929 | ||
| 040 | |c cru CIDCACS/IIS | ||
| 100 | 1 | |a Gaztambide-Géigel, Antonio |9 9048 | |
| 245 | 1 | |a Mejor vivido que pensado: |b las invenciones del Caribe (revisitadas) / |c Antonio Gaztambide-Géigel | |
| 300 | |a páginas 40-56 | ||
| 773 | 0 | |0 19037 |9 4346 |a Casa de las Américas |d Cuba Casa de las Américas |o 19111 |t Casa de las Américas / | |
| 942 | |2 ddc |c PP | ||
